000 00536nam a2200193Ia 4500
005 20250508170040.0
008 008 250505s9999 xx 000 0 eng d
037 _aTheses
040 _aFEDL
_beng
_cFEDL
041 _aeng
_2eng
084 _a371.26, AGG/TH
_qFEDL
100 _aAggarwal Garima
245 0 _aClassroom culture and construction of self
260 _c2018
300 _a217p.
546 _aPh.D Thesis (Delhi University); C D Included
942 _cTH
_h371.26, AGG/TH
999 _c1398918
_d1398918